000 00288nam a2200133Ia 4500
008 231129s1970||||xx |||||||||||||| ||spa||
040 _bspa
082 _a515.4 K89e
100 _aKrasnov M. L.
245 0 _aEcuaciones integrales
260 _c1970
264 _aMir
942 _2ddc
_cBKS
999 _c9940
_d9940